000 01409cam a22003494a 4500
001 4995580
003 SISC
005 20160404142019.0
008 990419s2000 mnua j b 001 0 eng
010 _a 99029762
020 _a073680269X (reinforced library binding)
040 _aDLC
_cDLC
_dDLC
042 _apcc
_alcac
050 0 0 _aHQ756.7
_b.En54 2000
082 0 0 _a306.874/2
100 1 _aEndersbe, Julie K.
_910270
245 1 0 _aTeen fathers :
_bgetting involved /
_cby Julie K. Endersbe ; consultant, William J. Doherty.
260 _aMankato, Minn. :
_bLifeMatters,
_cc2000.
300 _a64 p. :
_bcol. ill. ;
_c24 cm.
440 0 _aPerspectives on healthy sexuality
_910099
504 _aIncludes bibliographical references (p. 61) and index.
520 _aDiscusses problems and dilemmas faced by teenage males when they become fathers and identifies options and solutions available to them.
562 _eFor circulation. Two copies available in the collection.
650 0 _aTeenage fathers
_vJuvenile literature.
_910271
650 1 _aTeenage fathers.
_910272
906 _a7
_bcbc
_corignew
_d1
_eocip
_f19
_gy-gencatlg
942 _2lcc
_cBK
999 _c8574
_d8574